00598aas a2200169 4500001001000000003001000010005001700020008004100037022001400078040004100092041000800133100002700141245007600168300006100244546002200305773010100327768714001CO-MdFUSB20170829161236.0170829s2005 xxu||||| |||| 00| 0 eng d a0120-3649 aCO-MdFUSBbspacCO-MdFUSBdCO-MdFUSB aeng1 aMuhly, James D.eautor10aMyceneans were there before the israelites : bexcavating the Dan Tomb aVolumen 31. Número 5 (2005), páginas 44-51c: 28 cm. aTexto en inglés0 tBiblical Archaeology Review049395gVolumen 31. Número 5 (2005), páginas 44-51q página 44